Loading...
| Fine Arts - Other Fine Arts | 0 | 3 | 1 | 1 | 25 | 104 | 135.33 | 0 | 0 |
| Painting & Sculpture | 0 | 4 | 3 | 1 | 25 | 85 | 108.00 | 0 | 2 |
| Fine Arts - Classical Music | 0 | 2 | 0 | 0 | 20 | 116 | 125.00 | 0 | 0 |
| Current Events | 0 | 2 | 1 | 2 | 15 | 136 | 140.00 | 0 | 0 |
| Literature - European Literature | 0 | 2 | 2 | 1 | 10 | 124 | 136.00 | 0 | 0 |
| Other Academic | 0 | 1 | 0 | 1 | 10 | 163 | 163.00 | 0 | 0 |
| Science - Biology | 0 | 2 | 2 | 0 | 10 | 91 | 94.00 | 0 | 0 |
| Literature - World Literature | 0 | 1 | 0 | 1 | 10 | 154 | 154.00 | 0 | 0 |
| Literature - British Literature | 0 | 1 | 1 | 0 | 5 | 145 | 145.00 | 0 | 0 |
| Literature - American Literature | 0 | 1 | 1 | 0 | 5 | 100 | 100.00 | 0 | 1 |
| Philosophy | 0 | 1 | 1 | 1 | 5 | 134 | 134.00 | 0 | 0 |
| Mythology | 0 | 1 | 1 | 1 | 5 | 139 | 139.00 | 0 | 0 |
| Social Science | 0 | 0 | 1 | 0 | -5 | 0.00 | 0 | 0 | |
| History - American History | 0 | 0 | 1 | 0 | -5 | 0.00 | 0 | 0 | |
| Any History | 0 | 0 | 1 | 0 | -5 | 0.00 | 0 | 0 | |
| Science - Other Science | 0 | 0 | 1 | 0 | -5 | 0.00 | 0 | 0 | |
| Religion | 0 | 0 | 3 | 0 | -15 | 0.00 | 0 | 0 |